Bilecik Bilecik Bilecik Bilecik Bilecik

Türk-Japon ilişkileri : (Record no. 29876)

MARC details
000 -BAŞLIK
Sabit Uzunluktaki Kontrol Alanı 01520nam a22004457a 4500
001 - KONTROL NUMARASI
Control Dosyası 0029956
003 - KONTROL NUMARASI KİMLİĞİ
Kontrol Alanı KOHA_MİRAKIL
005 - EN SON İŞLEM TARİHİ ve ZAMANI
Kontrol Alanı 20260207002713.0
007 - FİZİKSEL TANIM SABİT ALAN - GENEL BİLGİ
Sabit uzunluklu kontrol alanı ta
008 - SABİT UZUNLUKTAKİ VERİ ÖGELERİ - GENEL BİLGİ
Sabit Alan 110506b2001 tu a|||gr||||#||||0|tur |
020 ## - ISBN - ULUSLARARASI STANDART KİTAP NUMARASI
Isbn 9751727170
Kullanılabilirlik koşulları 0,01
040 ## - KATALOGLAMA KAYNAĞI
Özgün Kataloglama Kurumu TR-BiSEU
Kataloglama Dili tur
Çeviri Kurumu TR-BiSEU
Açıklama Kuralları rda
041 0# - DİL KODU
Metin ya da ses kaydının dil kodu tur
044 ## - YAYINLAYAN/ÜRETEN KURULUŞUN ÜLKE KODU
ISO country code tu
050 ## - SINIFLAMA ve YER NUMARASI
Sınıflama Numarası HF1583.4
Yer Numarası .S24 2001
100 1# - KİŞİ ADI
Yazar Adı (Kişi adı) Şahin, F. Şayan Ulusan.
245 1# - ESER ADI BİLDİRİMİ
Başlık Türk-Japon ilişkileri :
Alt Eseradı vb. 1876-1908/
Sorumluluk Bildirimi F. Şayan Ulusan Şahin ; F. Şayan Ulusan Şahin.
264 #1 - ÜRERİM, YAYIN, DAĞITIM ve TELİF BİLDİRİMİ
Yayın yeri Ankara :
Yayınlayan T.C. Kültür Bakanlığı
Yayın tarihi 2001
300 ## - FİZİKSEL TANIMLAMA
Sayfa, Cilt vb. xiv, 350 sayfa :
Diğer fiziki detaylar res., hrt ;
Boyutları 20 cm.
336 ## - İÇERİK TÜRÜ
Content type term metin
Content type code txt
Source rdacontent
337 ## - MEDYA TÜRÜ
Media type term aracısız
Media type code n
Source rdamedia
338 ## - TAŞIYICI TÜRÜ
Carrier type term cilt
Carrier type code nc
Source rdacarrier
490 1# - DİZİ BİLDİRİMİ
Dizi Bildirimi T.C.
490 1# - DİZİ BİLDİRİMİ
Dizi Bildirimi Kültür bakanlığı yayınları ;
Cilt Numarası 2700.
490 1# - DİZİ BİLDİRİMİ
Dizi Bildirimi Yayımlar Dairesi Başkanlığı.
490 1# - DİZİ BİLDİRİMİ
Dizi Bildirimi Kültür eserleri dizisi ;
Cilt Numarası 315
500 ## - GENEL NOT
Genel Not Dizin var.
500 ## - GENEL NOT
Genel Not Kaynakça var.
650 #0 - KONU BAŞLIĞI EK GİRİŞ - KONU TERİMİ
Konusal terim veya coğrafi ad Abdürreşid İbrahim, 1853-1944.
9 (RLIN) 59018
650 #0 - KONU BAŞLIĞI EK GİRİŞ - KONU TERİMİ
Konusal terim veya coğrafi ad Ertuğrul (Frigate).
9 (RLIN) 13370
650 #0 - KONU BAŞLIĞI EK GİRİŞ - KONU TERİMİ
Konusal terim veya coğrafi ad Warships--Turkey--History.
9 (RLIN) 23148
650 #0 - KONU BAŞLIĞI EK GİRİŞ - KONU TERİMİ
Konusal terim veya coğrafi ad Turkey--Foreign relations--Japan.
9 (RLIN) 54577
650 #0 - KONU BAŞLIĞI EK GİRİŞ - KONU TERİMİ
Konusal terim veya coğrafi ad Japan--Foreign relations--Turkey.
9 (RLIN) 54578
650 #0 - KONU BAŞLIĞI EK GİRİŞ - KONU TERİMİ
Konusal terim veya coğrafi ad Turkey--History 1878-1909.
9 (RLIN) 20373
830 1# - SERİ EK GİRİŞİ - TEKBİÇİM ESER ADI
Tekbiçim Başlık T.C.
9 (RLIN) 6297
830 1# - SERİ EK GİRİŞİ - TEKBİÇİM ESER ADI
Tekbiçim Başlık Kültür bakanlığı yayınları ;
Volume number/sequential designation 2700.
9 (RLIN) 59019
830 1# - SERİ EK GİRİŞİ - TEKBİÇİM ESER ADI
Tekbiçim Başlık Yayımlar Dairesi Başkanlığı.
9 (RLIN) 10561
830 1# - SERİ EK GİRİŞİ - TEKBİÇİM ESER ADI
Tekbiçim Başlık Kültür eserleri dizisi ;
Volume number/sequential designation 315
9 (RLIN) 33570
942 ## - EK GİRİŞ ÖGELERİ (KOHA)
Source of classification or shelving scheme Library of Congress Classification
Koha item type Book
Holdings
Materyal Türü Kalıcı Konum Mevcut Konum Raf Yeri Sınıflandırma Kaynağı Edinim Bilgisi Ana Konular Alt Konular Yer Numarası Demirbaş Numarası Fatura Tarihi Geri Çekilme Durumu Kayıp Durumu Hasarlı Durumu Kredi için değil Kayıt Tarih Toplam Ödünçverme Son Görülme Tarihi Son Kontrol Tarihi Genel / Bağış Notu
Book Prof. Dr. Azmi Özcan Kütüphanesi Prof. Dr. Azmi Özcan Kütüphanesi Uluğbey Salonu Library of Congress Classification Bağış SOSYAL BİLİMLER Ticaret HF1583.4 .S24 2001 0029956 02/02/2026         06/05/2011   05/12/2024 05/12/2024 Cihat İskender, Akademisyen